LEADER 03320oam 22008774a 450 001 9911015974803321 005 20250728174316.0 010 $a1-4529-5312-0 035 $a(CKB)4100000011219112 035 $a(BIP)055775806 035 $a(BIP)055747579 035 $a(OCoLC)1153007244 035 $a(MdBmJHUP)musev2_93893 035 $a(EXLCZ)994100000011219112 100 $a20200503d2016 uy 0 101 0 $aeng 135 $aur|||||||nn|n 181 $ctxt$2rdacontent 182 $cc$2rdamedia 183 $acr$2rdacarrier 200 10$aDark Deleuze / $fAndrew Culp 210 1$aMinneapolis :$cUniversity of Minnesota Press,$d2016. 210 4$dİ2016. 215 $a1 online resource (90 p.) 225 0 $aForerunners : ideas first from the University of Minnesota Press 311 08$a1-5179-0133-2 320 $aIncludes bibliographical references (pages 72-79). 327 $aIntroduction -- The extinction of being -- Advancing toward nothing -- Breakdown, destruction, ruin -- The call of the outside -- Conclusion. 330 $a"French philosopher Gilles Deleuze is known as a thinker of creation, joyous affirmation, and rhizomatic assemblages. In this short book, Andrew Culp polemically argues that this once-radical canon of joy has lost its resistance to the present. Concepts created to defeat capitalism have been recycled into business mantras that joyously affirm "Power is vertical; potential is horizontal!" Culp recovers Deleuze's forgotten negativity. He unsettles the prevailing interpretation through an underground network of references to conspiracy, cruelty, the terror of the outside, and the shame of being human. Ultimately, he rekindles opposition to what is intolerable about this world."--Back cover. 410 0$aForerunners (Minneapolis, Minn.) 606 $aWell-being$2fast 606 $aPhilosophy$2fast 606 $aNegativity (Philosophy)$2fast 606 $aLanguage and languages$2fast 606 $aPHILOSOPHY$2bisacsh 606 $aCriticism$2bisacsh 606 $aPERFORMING ARTS$2bisacsh 606 $aFilm & Video$2bisacsh 606 $aHistory & Criticism$2bisacsh 606 $acomfort (sensation)$2aat 606 $aphilosophy$2aat 606 $aPhilosophie 606 $aBien-e?tre 606 $aNegativite (Philosophie) 606 $aPhilosophy 606 $aPhilosophy 606 $aWell-being 606 $aNegativity (Philosophy) 608 $aCriticism, interpretation, etc. 608 $aElectronic books. 615 7$aWell-being 615 7$aPhilosophy 615 7$aNegativity (Philosophy) 615 7$aLanguage and languages 615 7$aPHILOSOPHY. 615 7$aCriticism. 615 7$aPERFORMING ARTS. 615 7$aFilm & Video. 615 7$aHistory & Criticism. 615 7$acomfort (sensation) 615 7$aphilosophy. 615 6$aPhilosophie. 615 6$aBien-e?tre. 615 6$aNegativite (Philosophie) 615 2$aPhilosophy. 615 0$aPhilosophy. 615 0$aWell-being. 615 0$aNegativity (Philosophy) 676 $a194 700 $aCulp$b Andrew$0808101 801 0$bMdBmJHUP 801 1$bMdBmJHUP 906 $aBOOK 912 $a9911015974803321 996 $aDark Deleuze$91811060 997 $aUNINA